00356nam a2200121 a 450000500170000000800410001705000260005810000220008424500380010626000430014430000270018765000200021420140310183152.0021111s19uu xx 00 eng d aPL 6058.6b.B487 1996 aBigornia, Mike L. aProsang itim /cMike L. Bogornia. aPasig, Filipinas :bAnvil Pub.,c1996. axxii, 113 p. :c21 cm. aFilipino poetry